[Event "Bundesliga 1999-2000"]
[Site "Hamburg GER"]
[Date "1999.12.11"]
[Round "5"]
[White "Adams,Mi"]
[Black "Ftacnik,L"]
[Result "1/2-1/2"]
[WhiteElo "2708"]
[BlackElo "2589"]

1.e4 c5 2.Nf3 d6 3.Bb5+ Bd7 4.Bxd7+ Qxd7 5.O-O Nf6 6.Re1 Nc6 7.b3 g6 8.c3 Bg7
9.d4 cxd4 10.cxd4 d5 11.e5 Ne4 12.Bb2 O-O 13.Nbd2 Nxd2 14.Qxd2 Nd8 15.Ba3 Ne6
16.Rac1 Rfc8 17.h3 Bf8 18.Nh2 Rxc1 19.Rxc1 Rc8 20.Rxc8 Qxc8 21.Ng4 Qc6 22.Ne3 b6
23.Qd1 f5 24.exf6 exf6 25.Bxf8 Kxf8 26.g3 Kf7 27.h4 Qc3 28.Nxd5 Qxd4 29.Qf3 Nc5
30.Nf4 Ne4 31.Kg2 f5 32.Nh3 Kg7 33.Qf4 Qd6 34.Qc1 Qc5 35.Qb2+ Kg8 36.Nf4 Qc3
37.Qe2 Qc6 38.f3 Nf6 39.Qe7 Qc2+ 40.Kh3 Qd1 41.Qe6+ Kg7 42.Qe7+ Kg8 43.Kh2 Qd2+
44.Kh3  1/2-1/2

[Event "FSGM December"]
[Site "Budapest HUN"]
[Date "1999.12.13"]
[Round "10"]
[White "Horvath,Cs"]
[Black "Csom,I"]
[Result "1/2-1/2"]
[WhiteElo "2509"]
[BlackElo "2472"]

1.e4 c5 2.Nf3 d6 3.Bb5+ Bd7 4.Bxd7+ Qxd7 5.c4 Nf6 6.Nc3 e5 7.d3 Nc6 8.Bg5 Be7
9.Bxf6 Bxf6 10.Nd5 Ne7 11.Nxf6+ gxf6 12.Nh4 f5 13.Qh5 fxe4 14.dxe4 Qe6 15.b3 O-O-O
16.O-O-O Nc6 17.Nf5 Nd4 18.f3  1/2-1/2

[Event "ch-RUS KO"]
[Site "Moscow RUS"]
[Date "1999.12.15"]
[Round "1.1"]
[White "Okrugin,S"]
[Black "Popov,Val"]
[Result "0-1"]
[WhiteElo "2390"]
[BlackElo "2523"]

1.e4 c5 2.Nf3 d6 3.Bb5+ Bd7 4.Bxd7+ Qxd7 5.O-O Nc6 6.c3 Nf6 7.Re1 e6 8.d3 Be7
9.Bg5 O-O 10.Nbd2 h6 11.Bh4 Rfd8 12.Nf1 Rac8 13.Qe2 Ne8 14.Rad1 d5 15.e5 b5
16.Bxe7 Qxe7 17.Ng3 Rb8 18.d4 c4 19.a3 a5 20.Nh5 b4 21.axb4 axb4 22.g4 bxc3
23.bxc3 Rb3 24.Rc1 Ra8 25.Nd2 Ra2 26.Red1 Rbb2 27.Rb1 Rc2 28.Rbc1 Rcb2 29.Rb1 Rc2
30.Rbc1 Rxc1 31.Rxc1 Na5 32.Qe3 Qg5 33.Qxg5 hxg5 34.Nf3 f6 35.exf6 gxf6 36.Re1 Kf7
37.h4 gxh4 38.g5 fxg5 39.Re5 g4 40.Ng5+ Ke7 41.Rxe6+ Kd7 42.Re5 Nc7 43.Nf6+ Kc6
44.Ne6 Ra1+ 45.Kh2 Nb3 46.Nxc7 Nd2 47.Re6+ Kxc7 48.Nxg4 Ne4 49.f4 Nxc3 50.f5 Rf1
51.f6 Rf4 52.Ne3 Kd7 53.Re5 Rxf6 54.Nxd5 Nxd5 55.Rxd5+ Rd6 56.Ra5 Rxd4 57.Rc5 Rf4  0-1

[Event "Open"]
[Site "Zadar CRO"]
[Date "1999.12.15"]
[Round "4"]
[White "Levacic,P"]
[Black "Palac,M"]
[Result "0-1"]
[WhiteElo "2389"]
[BlackElo "2610"]

1.e4 c5 2.Nf3 d6 3.Bb5+ Nd7 4.c3 Nf6 5.d3 a6 6.Ba4 c4 7.O-O cxd3 8.Qxd3 b5
9.Bc2 Bb7 10.Qe2 g6 11.a4 bxa4 12.e5 Bxf3 13.Qxf3 Nxe5 14.Bxa4+ Nfd7 15.Qe2 Bg7
16.f4 Nc6 17.Be3 Qc7 18.Qc4 Rc8 19.Qxa6 O-O 20.Bxc6 Qxc6 21.Qxc6 Rxc6 22.Ra7 Nf6
23.Bd4 e6 24.Bxf6 Bxf6 25.Rd1 Rb8 26.Rd2 d5 27.Na3 Rcb6  0-1

[Event "4th Comtois It"]
[Site "Belfort FRA"]
[Date "1999.12.16"]
[Round "4"]
[White "Ye Jiangchuan"]
[Black "Fedorov,A"]
[Result "0-1"]
[WhiteElo "2593"]
[BlackElo "2659"]

1.e4 c5 2.Nf3 d6 3.Bb5+ Nd7 4.d4 cxd4 5.Qxd4 e5 6.Qd3 h6 7.Be3 Nf6 8.Nc3 a6
9.Bc4 Be7 10.O-O b5 11.Bd5 Rb8 12.Ba7 Nxd5 13.Nxd5 Rb7 14.Nxe7 Qxe7 15.Be3 Nf6
16.Nd2 O-O 17.Nb3 Be6 18.Na5 Rc7 19.Bd2 d5 20.exd5 Bxd5 21.Rfe1 Rd8 22.Bc3 Bxg2
23.Qg3 Ba8 24.Rxe5 Qd6 25.Rae1 Rcd7 26.a3 Qb6 27.h3 Rd1 28.Kh2 Kh7 29.Qf4 Qc7
30.Qf5+ Kg8 31.Kg1 Rxe1+ 32.Bxe1 Rd1 33.b4 Qc3 34.Kf1 g6  0-1

[Event "Vikings Masters"]
[Site "York ENG"]
[Date "1999.12.17"]
[Round "5"]
[White "Bhat,V"]
[Black "Bates,Ri"]
[Result "1/2-1/2"]
[WhiteElo "2388"]
[BlackElo "2376"]

1.e4 c5 2.Nf3 d6 3.Bb5+ Bd7 4.Bxd7+ Qxd7 5.c4 Nc6 6.Nc3 Nf6 7.O-O g6 8.d4 cxd4
9.Nxd4 Bg7 10.Nde2 Qe6 11.Nd5 Qxe4 12.Nc7+ Kd7 13.Nxa8 Qxc4 14.Nb6+ axb6
15.Nc3 Ra8 16.Be3 Ra6 17.Rc1 e6 18.b3 Qg4 19.f3 Qf5 20.Rf2  1/2-1/2

[Event "Extraliga CZE"]
[Site "Ostrava CZE"]
[Date "1999.12.18"]
[Round "5"]
[White "Nun,Ji"]
[Black "Votava,J"]
[Result "0-1"]
[WhiteElo "2375"]
[BlackElo "2497"]

1.e4 c5 2.Nf3 d6 3.Bb5+ Nd7 4.c4 Nf6 5.Nc3 g6 6.d4 cxd4 7.Nxd4 Bg7 8.Be3 O-O
9.Bxd7 Bxd7 10.f3 Rc8 11.Qd3 Qc7 12.b3 a6 13.a4 e6 14.Rd1 d5 15.exd5 exd5
16.Nxd5 Nxd5 17.cxd5 Qa5+ 18.Qd2 Qxd2+ 19.Kxd2 Rc5 20.d6 Re8 21.Rhe1 Rd5
22.Kc3 Rxd6 23.Bf2 Rc8+ 24.Kb2 Rd8 25.Kc3 b5 26.axb5 axb5 27.Re2 Be6 28.Red2 Rc8+
29.Kb2 b4 30.Kb1 Ra6 31.Ra2 Bxb3 32.Rxa6 Bxd1 33.Rb6 b3 34.Nc6 Bc2+ 35.Kc1 Bf8
36.Bd4 Bf5 37.Kb2 Be6 38.Bc3 Bd5 39.Na5 Bg7 40.Bxg7 Rc2+ 41.Kb1 Kxg7 42.Nxb3 Rxg2  0-1

[Event "Extraliga CZE"]
[Site "Ostrava CZE"]
[Date "1999.12.18"]
[Round "5"]
[White "Berezjuk,S"]
[Black "Virostko,P"]
[Result "0-1"]
[WhiteElo "2354"]
[BlackElo "2253"]

1.e4 c5 2.Nf3 d6 3.Bb5+ Bd7 4.Bxd7+ Qxd7 5.c4 Nc6 6.Nc3 g6 7.d4 cxd4 8.Nxd4 Bg7
9.Nde2 Nf6 10.O-O O-O 11.f3 Ne8 12.Be3 Nc7 13.a4 b6 14.Rc1 Ne6 15.b3 Nc5
16.Rb1 Rfd8 17.Kh1 Rac8 18.Bg5 Rf8 19.Nd5 Ne6 20.Bh4 Nc7 21.Nec3 Nxd5 22.Nxd5 f5
23.exf5 Rxf5 24.Bg3 Rf7 25.Qd2 Nd4 26.Bf2 Nc6 27.Rbd1 Rd8 28.Ne3 Qe8 29.Ng4 Kh8
30.Be3 Ne5 31.Nxe5 Bxe5 32.Bd4 Bxd4 33.Qxd4+ Kg8 34.Rfe1 Qd7 35.Re4 Qf5 36.Rde1 Qc5
37.Qd2 Rd7 38.h3 a5 39.Qd3 d5 40.Rd4 dxc4  0-1

[Event "Vikings Masters"]
[Site "York ENG"]
[Date "1999.12.19"]
[Round "7"]
[White "Marusenko,P"]
[Black "Bates,Ri"]
[Result "1/2-1/2"]
[WhiteElo "2406"]
[BlackElo "2376"]

1.e4 c5 2.Nf3 d6 3.Bb5+ Bd7 4.Bxd7+ Qxd7 5.c4 Nc6 6.Nc3 Nf6 7.d4 cxd4 8.Nxd4 g6
9.O-O Bg7 10.Nc2 O-O 11.Qe2 Rfc8 12.b3 Qe6 13.Bd2 Nd7 14.Rac1 a6 15.Rfe1 Rab8
16.Kh1 Nc5 17.f4 f5 18.Qf3 Qf7 19.exf5 gxf5 20.Re2 b5 21.cxb5 axb5 22.Rd1 Ne6
23.Qh3 Ncd8 24.Nb4 Rxc3 25.Bxc3 Nxf4 26.Qf3 Nxe2 27.Bxg7 Qxg7 28.Qxe2 Kh8
29.Qc2 Qe5 30.Nd5 Ne6 31.Nxe7 Re8 32.Nc6 Qf6 33.Rf1  1/2-1/2

[Event "ch-COL"]
[Site "Fusagasuga COL"]
[Date "1999.12.22"]
[Round "11"]
[White "Cuartas,J"]
[Black "Saladen,R"]
[Result "1-0"]
[WhiteElo "2365"]
[BlackElo "2300"]

1.e4 c5 2.Nf3 d6 3.Bb5+ Bd7 4.Bxd7+ Nxd7 5.c4 e6 6.O-O Ne7 7.Nc3 Ng6 8.d4 cxd4
9.Nxd4 Nge5 10.b3 Be7 11.f4 Nc6 12.Nxc6 bxc6 13.Bb2 O-O 14.Rf3 f5 15.Qe2 Bf6
16.Rd1 Qb6+ 17.Kh1 Nc5 18.Rxd6 fxe4 19.Rf1 Rad8 20.Rxd8 Rxd8 21.Ba1 e3 22.Qxe3 Rd3
23.Qe1 Qa5 24.Ne2 Qxa2 25.Bxf6 Re3 26.Bd4 Nd3 27.Qd1  1-0

[Event "Young Masters"]
[Site "Groningen NED"]
[Date "1999.12.23"]
[Round "5"]
[White "Van den Doel,E"]
[Black "Van Kooten,L"]
[Result "1-0"]
[WhiteElo "2528"]
[BlackElo "2331"]

1.e4 c5 2.Nf3 d6 3.Bb5+ Bd7 4.Bxd7+ Qxd7 5.c4 Nc6 6.O-O g6 7.d4 cxd4 8.Nxd4 Bg7
9.Ne2 Nf6 10.Nbc3 O-O 11.f3 Rac8 12.Bg5 e6 13.Kh1 a6 14.a4 Qc7 15.Rb1 Nd7
16.b3 Rfe8 17.Bh4 Nb4 18.Qd2 Ne5 19.Rbd1 Bf8 20.f4 Ned3 21.f5 exf5 22.exf5 Qc5
23.Rf3 Ne5 24.Rf4 Bh6 25.Ne4 Bxf4 26.Nxf4 Qa5 27.Nd5 Ng4 28.Nef6+ Nxf6 29.Nxf6+ Kg7
30.Nd5  1-0

[Event "ch-ROM (women)"]
[Site "Lasi ROM"]
[Date "1999.12.27"]
[Round "13"]
[White "Ionescu Brandis,I"]
[Black "Istrati,V"]
[Result "1-0"]
[WhiteElo "2224"]
[BlackElo "2127"]

1.e4 c5 2.Nf3 d6 3.Bb5+ Bd7 4.Bxd7+ Qxd7 5.O-O Nc6 6.b3 Nf6 7.Re1 g6 8.c3 Bg7
9.d4 cxd4 10.cxd4 O-O 11.Nc3 Rac8 12.Bb2 Nh5 13.Qd2 Qg4 14.Nd5 e5 15.Rac1 Rfe8
16.h3 Qd7 17.dxe5 dxe5 18.g4 Rcd8 19.gxh5 Qxh3 20.Nh2 Qxh5 21.Qe2 Qh6 22.Ne3 Nd4
23.Qg4 Re6 24.Rc7 f5 25.Qg2 f4 26.Nd5 Rb8 27.Qg4 Ra6 28.Rec1 Ne6 29.Rc8+ Rxc8
30.Rxc8+ Kf7 31.Nf3 Rxa2 32.Rc7+ Nxc7 33.Qd7+ Kg8 34.Qd8+ Bf8 35.Ne7+ Kf7
36.Nxe5+  1-0

[Event "Boavista Masters"]
[Site "Porto POR"]
[Date "1999.12.27"]
[Round "1"]
[White "Rocha,S"]
[Black "Del Rey,D"]
[Result "1/2-1/2"]
[WhiteElo "2427"]
[BlackElo "2369"]

1.e4 c5 2.Nf3 d6 3.Bb5+ Bd7 4.Bxd7+ Qxd7 5.O-O Nc6 6.c3 Nf6 7.Qe2 e6 8.d4 cxd4
9.cxd4 d5 10.e5 Ne4 11.Nbd2 Nxd2 12.Bxd2 Be7 13.g3 O-O 14.Kg2 Rac8 15.a3 a6
16.h4 f6 17.Bf4 f5 18.Bg5 Rc7 19.Rac1 Rfc8 20.Bxe7 Nxe7 21.Qd2 h6 22.Rfd1 Qa4
23.Rxc7 Rxc7 24.Rc1 Rxc1 25.Qxc1 Qc4 26.Qd2 Nc6 27.h5 a5 28.Qf4 Qc2 29.g4 Qe4
30.Kg3 Qxf4+ 31.Kxf4 fxg4 32.Kxg4 Kf7 33.Kf4 g6 34.hxg6+ Kxg6 35.Kg4 h5+
36.Kf4 a4 37.Nh4+ Kh6 38.Nf3 Kg6 39.Nh4+ Kh6 40.Nf3 Ne7 41.Nh4 Ng6+ 42.Kg3 Nxh4
43.Kxh4 Kg6 44.Kg3 Kg5 45.Kh3 h4 46.f4+ Kxf4 47.Kxh4 b5 48.Kh5 Ke4 49.Kg5 Kxd4
50.Kf6 Kc4 51.Kxe6 d4 52.Kf6 d3 53.e6 d2 54.e7 d1=Q 55.e8=Q Qf3+ 56.Kg7 Qg2+
57.Kh6 Qxb2 58.Qc6+ Kd3 59.Qg6+ Kd2 60.Qg2+ Kc1 61.Qf1+ Kc2 62.Qf5+ Kc3 63.Qe5+ Kc2
64.Qf5+ Kd2 65.Qf2+ Kc3 66.Qc5+ Kd3 67.Qf5+ Kc4 68.Qe6+ Kc3 69.Qe5+ Kb3 70.Qxb5+ Kxa3
71.Qc5+ Ka2 72.Qc4+ Qb3 73.Qe2+ Kb1 74.Qf1+ Kb2 75.Qe2+ Qc2 76.Qe5+ Qc3 77.Qe2+ Kb3
78.Qe6+ Qc4 79.Qe3+ Kb4 80.Qb6+ Qb5 81.Qd4+ Ka5 82.Qc3+ Kb6 83.Qe3+ Qc5 84.Qd3 a3
85.Qd8+ Kb5 86.Qd3+ Ka5 87.Qd2+ Qb4 88.Qd5+ Qb5 89.Qd2+ Ka6 90.Qc2 Kb6 91.Qd2 Kc6
92.Qc3+ Qc5 93.Qf3+ Kc7 94.Qf7+ Kb6 95.Qb3+ Ka5 96.Qd3 Qf8+ 97.Kh7 Qf7+ 98.Kh6 a2
99.Qa3+ Kb5 100.Qb2+ Kc6 101.Qc3+ Kd7 102.Qd4+ Kc8 103.Qg4+ Kc7 104.Qg3+ Kd7
105.Qd3+ Kc7 106.Qc3+ Kd8 107.Qa5+ Ke7 108.Qc7+ Ke6  1/2-1/2

[Event "III Open"]
[Site "Cali COL"]
[Date "1999.12.29"]
[Round "7"]
[White "Gonzalez,Re"]
[Black "Morales,Jo"]
[Result "0-1"]
[WhiteElo "2426"]
[BlackElo "2374"]

1.e4 c5 2.Nf3 d6 3.Bb5+ Bd7 4.a4 Nf6 5.d3 g6 6.O-O Bg7 7.Nbd2 Nc6 8.Bxc6 Bxc6
9.e5 dxe5 10.Nxe5 Rc8 11.Re1 O-O 12.Nxc6 Rxc6 13.Nc4 Nd5 14.Bg5 h6 15.Bh4 Re8
16.Qd2 Qb8 17.Bg3 e5 18.Re2 Rce6 19.Rae1 b6 20.c3 Qc7 21.Nxe5 Bxe5 22.Rxe5 Rxe5
23.Rxe5 Rxe5 24.d4 cxd4 25.cxd4 Qc2  0-1

[Event "It A"]
[Site "Paretana ESP"]
[Date "1999.12.30"]
[Round "4"]
[White "Rahal,M"]
[Black "Gual Pascual,A"]
[Result "1-0"]
[WhiteElo "2397"]
[BlackElo "2433"]

1.e4 c5 2.Nf3 d6 3.Bb5+ Bd7 4.Bxd7+ Qxd7 5.c4 Nc6 6.d4 cxd4 7.Nxd4 Nf6 8.Nc3 g6
9.f3 Bg7 10.Be3 O-O 11.O-O a6 12.Nde2 Ne5 13.b3 b5 14.cxb5 axb5 15.Qd2 b4
16.Na4 Nc4 17.Qd3 Nxe3 18.Qxe3 Qb7 19.Rac1 Nd7 20.Rc4 Rfc8 21.Rfc1 Rxc4 22.Rxc4 Rc8
23.Rxc8+ Qxc8 24.Nb6 Nxb6 25.Qxb6 Qc2 26.Qd8+ Bf8 27.Kf2 Qc5+ 28.Kf1 e6 29.Qa8 Qc2
30.Qa5 d5 31.exd5 Bc5 32.Ke1 e5 33.d6 Be3 34.Qd5 Qb1+ 35.Qd1 Bf2+ 36.Kd2 Qxa2+
37.Qc2 Qa6 38.d7 Qd6+ 39.Qd3 Bd4 40.Nxd4 exd4 41.Qb5 Kf8 42.Qb7 Ke7 43.Qc8  1-0

[Event "ch-AUS"]
[Site "Mingara NSW AUS"]
[Date "1999.12.31"]
[Round "4"]
[White "Solomon,SJ"]
[Black "Booth,Stew"]
[Result "1-0"]
[WhiteElo "2435"]
[BlackElo "2190"]

1.e4 c5 2.Nf3 d6 3.Bb5+ Nd7 4.d4 a6 5.Bxd7+ Bxd7 6.O-O cxd4 7.Qxd4 Qc7 8.Nc3 e6
9.Bf4 Bc6 10.Rad1 Rd8 11.Rfe1 f6 12.Qc4 Qc8 13.a4 Nh6 14.Be3 Qd7 15.Nd4 Kf7
16.f4 d5 17.Nxe6 dxc4 18.Nxd8+ Ke8 19.Rxd7 Kxd7 20.Rd1+ Bd6 21.Nxb7 Bxb7
22.Bc5 Kc6 23.Bxd6 Rd8 24.Bb4 Rxd1+ 25.Nxd1 Kd7 26.Nc3 Ng4 27.Bc5 Ke6 28.h3 Nh6
29.Kf2 g6 30.Ke3 f5 31.Kd4 fxe4 32.g4 e3 33.Kxc4 Bg2 34.Bxe3 Bxh3 35.f5+ gxf5
36.Bxh6 fxg4 37.Kd4 Kf5 38.Nd5 g3 39.Ne3+ Kf6 40.Bf4 g2 41.Bh2 Bd7 42.a5 Bc6
43.Kc5  1-0

[Event "Agneaux St Lo op"]
[Site "Agneaux"]
[Date "1999.??.??"]
[Round "3"]
[White "Nevednichy, Vladislav"]
[Black "Leray, Jerome"]
[Result "1-0"]
[WhiteElo "2505"]
[BlackElo "2110"]

1.e4 c5 2.Nf3 d6 3.Bb5+ Bd7 4.a4 Nf6 5.Nc3 e6 6.O-O Be7 7.d4 cxd4 8.Nxd4 Nc6
9.f4 O-O 10.Kh1 Qc7 11.Be3 Nxd4 12.Qxd4 Ng4 13.Bg1 Bf6 14.e5 Be7 15.exd6 Bxd6
16.Rad1 Rad8 17.Qxd6 Qxd6 18.Rxd6 Bxb5 19.Nxb5  1-0

[Event "Alushta zt (Women)"]
[Site "Alushta"]
[Date "1999.??.??"]
[Round "?"]
[White "Sedina, Elena"]
[Black "Melamed, Tatiana"]
[Result "1/2-1/2"]
[WhiteElo "2374"]
[BlackElo "2328"]

1.e4 c5 2.Nf3 d6 3.Bb5+ Bd7 4.Bxd7+ Qxd7 5.c4 Nf6 6.Nc3 Nc6 7.d4 cxd4 8.Nxd4 Qg4
9.O-O Qxd1 10.Rxd1 Nxd4 11.Rxd4 Rc8 12.b3 g6 13.Bb2 Bg7 14.Rd2 O-O 15.f3 Rfe8
16.Re1 Nd7 17.Nd5 Bxb2 18.Rxb2 f6 19.Kf2  1/2-1/2

[Event "AUT-chT 9899"]
[Site "AUT"]
[Date "1999.??.??"]
[Round "?"]
[White "Staudner, Oliver"]
[Black "Freitag, Manfred"]
[Result "1/2-1/2"]
[WhiteElo "2350"]
[BlackElo "2385"]

1.e4 c5 2.Nf3 d6 3.Bb5+ Nd7 4.d4 Nf6 5.Nc3 cxd4 6.Qxd4 e5 7.Qd3 h6 8.Nd2 a6
9.Bxd7+ Bxd7 10.Nc4 Qc7 11.Be3 Be6 12.Nb6 Rb8 13.O-O Be7 14.f3 Qc6 15.Rfd1 O-O
16.a4 Rfd8 17.a5 Bf8 18.Rd2 g6 19.Rad1 Nd7 20.Ncd5 Nxb6 21.Nxb6 f5 22.exf5 gxf5
23.c4 Qe8 24.f4 e4 25.Qc3 Qf7 26.Bd4 Re8 27.Re1 Be7 28.Qe3  1/2-1/2

[Event "AUT-chT2O 9899"]
[Site "AUT"]
[Date "1999.??.??"]
[Round "6"]
[White "Hangweyrer, Manfred"]
[Black "Bachofner, Christian"]
[Result "1/2-1/2"]
[WhiteElo "2370"]
[BlackElo "2050"]

1.e4 c5 2.Nf3 d6 3.Bb5+ Bd7 4.Bxd7+ Qxd7 5.O-O Nc6 6.c3 Nf6 7.d4 cxd4 8.cxd4 Nxe4
9.d5 Ne5 10.Re1 Nf6 11.Nxe5 dxe5 12.Nc3 Rd8 13.Rxe5 g6 14.Qf3 Bg7 15.Bh6 O-O
16.Bxg7 Kxg7 17.Rae1 Rfe8 18.h3 b5 19.a3 a5 20.Qf4 Qb7 21.Qf3 b4 22.axb4 Qxb4
23.R1e2 a4 24.g3 a3 25.bxa3 Qxa3 26.Kg2 Qc5 27.Ne4 Nxe4 28.Qxe4 Rd6 29.Rc2 Qb6
30.Rxe7 Rxe7 31.Qxe7 Rxd5 32.Rc8 Qd6 33.Qe8 Rf5 34.Rd8 Qc5 35.f4  1/2-1/2

[Event "Bad Woerishofen op"]
[Site "Bad Woerishofen"]
[Date "1999.??.??"]
[Round "6"]
[White "Tauber, Manfred"]
[Black "Kupreichik, Viktor D"]
[Result "0-1"]
[WhiteElo "2275"]
[BlackElo "2457"]

1.e4 c5 2.Nf3 d6 3.Bb5+ Nc6 4.O-O Bd7 5.d4 cxd4 6.Nxd4 Nf6 7.Nc3 g6 8.Be3 Bg7
9.f3 O-O 10.Qd2 a6 11.Be2 Qa5 12.Rfd1 Rfc8 13.Nb3 Qc7 14.Na4 Nd4 15.Nxd4 Bxa4
16.b3 Be8 17.c4 b6 18.Rac1 Qb7 19.Nc2 Rd8 20.Bd4 b5 21.Qe3 b4 22.Bb6 Bh6
23.Qxh6 Qxb6+ 24.Qe3 Qc5 25.Qxc5 dxc5 26.Rxd8 Rxd8 27.Rd1 Rxd1+ 28.Bxd1 Bc6
29.Ne1 Nd7 30.Nd3 f6 31.Kf2 Kf7 32.Ke3 Ke6 33.g3 Kd6 34.f4 e5 35.Bg4 Nb6
36.h4 h6 37.h5 gxh5 38.Bxh5 a5 39.f5 a4 40.Bd1 Be8 41.Nf2 Bf7 42.Kd2 a3 43.Kd3 h5
44.Bc2 Ke7 45.Nd1 Kf8 46.Ne3 Kg7 47.Bd1 Kh6 48.Ng2 Be8 49.Ke3 Kg5 50.Ne1 h4
51.Nf3+ Kg4 52.gxh4 Kg3 53.Ne1 Kxh4 54.Nd3 Nd7 55.Kf2 Kg5 56.Ke3 Bf7 57.Ne1 Nb6
58.Nf3+ Kh6 59.Nd2 Nd7 60.Be2 Nb8  0-1

[Event "ROM-ch sf"]
[Site "Baile Tusnad"]
[Date "1999.??.??"]
[Round "5"]
[White "Toma, Alin"]
[Black "Florean, Andrei"]
[Result "1/2-1/2"]
[WhiteElo "2202"]
[BlackElo "2433"]

1.e4 c5 2.Nf3 d6 3.Bb5+ Bd7 4.Bxd7+ Nxd7 5.d4 cxd4 6.Qxd4 Ngf6 7.O-O g6 8.c4 Bg7
9.Nc3 O-O 10.h3 a6 11.Bd2 Qc7 12.Rac1 Rfc8 13.Qe3 Qxc4 14.Nd5 Nxd5 15.exd5 Qxd5
16.Qxe7 Qe6 17.Rce1 Qxe7 18.Rxe7 Nc5 19.b4 Bf6 20.Rfe1 Bxe7 21.Rxe7 Ne6 22.Rxb7 Kf8
23.Ng5 Nxg5 24.Bxg5 Kg7 25.Rd7 Rc2 26.Rxd6 Rxa2 27.Bf6+ Kf8 28.Rb6 Re2 29.Rb7 Re6
30.Bd4 Rd8 31.Be3 Rd5 32.Bh6+ Ke8 33.Rb8+ Rd8 34.Rb7 Rd7 35.Rb8+ Rd8 36.Rb7 Rd1+
37.Kh2 Rb1 38.Bg5 Re5 39.h4 a5 40.Rb8+ Kd7 41.Rd8+ Kc6 42.bxa5 Rxa5 43.Bf4 Rf5
44.g3 h5 45.Kg2 Rb7 46.Rd6+ Kc5 47.Rd8 Kc4 48.Be3 Rd5 49.Ra8 Rdd7 50.Ra1 Kd5
51.Bg5 Ke6 52.Re1+ Kf5 53.Re3 Rd5 54.Rf3+  1/2-1/2

[Event "ROM-ch sf"]
[Site "Baile Tusnad"]
[Date "1999.??.??"]
[Round "6"]
[White "Brezeanu, Claudiu"]
[Black "Florean, Andrei"]
[Result "1/2-1/2"]
[WhiteElo "2185"]
[BlackElo "2433"]

1.e4 c5 2.Nf3 d6 3.Bb5+ Nd7 4.d4 a6 5.Bxd7+ Bxd7 6.O-O cxd4 7.Qxd4 Nf6 8.Nc3 e6
9.e5 dxe5 10.Nxe5 Be7 11.Rd1 Bc6 12.Nxc6 bxc6 13.Qc4 Qc8 14.Bg5 Qb7  1/2-1/2

[Event "Regionalliga NO9899"]
[Site "Bayern"]
[Date "1999.??.??"]
[Round "?"]
[White "Walter, Markus"]
[Black "Noeckler, Alexander"]
[Result "1-0"]
[WhiteElo "2045"]
[BlackElo "1895"]

1.e4 c5 2.Nf3 d6 3.Bb5+ Bd7 4.Bxd7+ Qxd7 5.O-O Nf6 6.Re1 Nc6 7.c3 e6 8.d4 Be7
9.d5 Ne5 10.Nxe5 dxe5 11.c4 O-O 12.Nc3 Rad8 13.Bg5 Ne8 14.Bxe7 Qxe7 15.Qg4 b6
16.Rad1 Nc7 17.Re3 Rd6 18.Red3 Rfd8 19.a3 exd5 20.exd5 Rg6 21.d6 Rdxd6 22.Qc8+ Qe8
23.Qxc7 Rd4 24.Nb5 Qa8 25.g3 e4 26.Rxd4 cxd4 27.Rxd4  1-0

[Event "Regionalliga NO9899"]
[Site "Bayern"]
[Date "1999.??.??"]
[Round "?"]
[White "Kendzia, Nikolai"]
[Black "Roesel, Gert"]
[Result "1/2-1/2"]
[WhiteElo "1915"]
[BlackElo "1890"]

1.e4 c5 2.Nf3 d6 3.Bb5+ Bd7 4.Bxd7+ Qxd7 5.d4 cxd4 6.Nxd4 Nf6 7.Nc3 g6 8.Bg5 Bg7
9.O-O O-O 10.Nd5 Nxd5 11.exd5 Na6 12.c3 Nc5 13.Re1 e5 14.dxe6 Nxe6 15.Be3 a6
16.Qd2 Rfe8 17.Nxe6 Rxe6 18.Rad1 Rae8 19.Qd5 Bh6 20.Qd2 Bxe3 21.Rxe3 Rxe3
22.fxe3 Re6 23.Qd4 Qb5 24.Rd2 Qf5 25.Qd3  1/2-1/2

[Event "Regionalliga NO9899"]
[Site "Bayern"]
[Date "1999.??.??"]
[Round "?"]
[White "Kendzia, Nikolai"]
[Black "Reichel, Norbert"]
[Result "1-0"]
[WhiteElo "1910"]
[BlackElo "1925"]

1.e4 c5 2.Nf3 d6 3.Bb5+ Nc6 4.c4 g6 5.O-O Bg7 6.Re1 Bg4 7.h3 Bxf3 8.Qxf3 e6
9.e5 Ne7 10.d3 Bxe5 11.Rxe5 dxe5 12.Bg5 O-O 13.Bxc6 bxc6 14.Bf6 Qb6 15.b3 Nf5
16.g4 Ng7 17.Nc3 Ne8 18.Be7 f6 19.Bxf8 Kxf8 20.Ne4 f5 21.Re1 Qc7 22.Nxc5 Ke7
23.Qg3 f4 24.Qh4+ Kf7 25.Qxh7+ Ng7 26.Qxg7+  1-0

[Event "Oberliga Bayern9899"]
[Site "Bayern"]
[Date "1999.??.??"]
[Round "?"]
[White "Keller, Manfred"]
[Black "Meier, Gerd"]
[Result "1-0"]
[WhiteElo "2165"]
[BlackElo "1860"]

1.e4 c5 2.Nf3 d6 3.Bb5+ Nd7 4.d4 cxd4 5.Qxd4 a6 6.Bxd7+ Bxd7 7.Nc3 Bc6 8.O-O Nf6
9.Bg5 e6 10.Rad1 Be7 11.Rfe1 Qc7 12.Nd5 Bxd5 13.exd5 e5 14.Qd2 h6 15.Bh4 g5
16.Bg3 Nd7 17.Nxe5 Nxe5 18.Bxe5 O-O 19.Bc3 f5 20.Re6 Kh7 21.Qe2 Rf7 22.Qh5  1-0

[Event "Regionalliga NO9899"]
[Site "Bayern"]
[Date "1999.??.??"]
[Round "?"]
[White "Hein, Manfred"]
[Black "Noeckler, Alexander"]
[Result "0-1"]
[WhiteElo "2085"]
[BlackElo "1885"]

1.e4 c5 2.Nf3 d6 3.Bb5+ Bd7 4.Bxd7+ Nxd7 5.O-O Ngf6 6.Re1 g6 7.c3 Bg7 8.Qb3 Qc7
9.d4 O-O 10.Bg5 e6 11.Nbd2 h6 12.Bh4 Rfb8 13.h3 b5 14.Rac1 Rb7 15.Bg3 Ne8
16.a3 Qb6 17.d5 c4 18.Qc2 Nc5 19.Rcd1 exd5 20.exd5 Nd3 21.Re2 f5 22.Ne1 Ne5
23.Ndf3 Re7 24.Nh4 Kh7 25.Nef3 Nxf3+ 26.Nxf3 Qc7 27.Rxe7 Qxe7 28.Re1 Qf7
29.Qd2 Nf6 30.Bxd6 Ne4 31.Qf4 g5 32.Qh2 Re8 33.Be5 f4 34.Rxe4 Qf5 35.Re1 Bxe5
36.Kh1 Re7 37.Qg1 Bf6 38.Rxe7+ Bxe7 39.Qe1 Bf6 40.Qd2 Qd3 41.Qxd3+ cxd3 42.Kg1 Kg7
43.Kf1 Kf7 44.Nd2 a5 45.Ne4 Be7 46.Ke1 Kg6 47.Kd2 Kf5 48.Kxd3 Ke5 49.d6 Bd8
50.f3 Bb6 51.b3 Kd5 52.c4+ bxc4+ 53.bxc4+ Kc6 54.c5 Bd8 55.Kc4 h5 56.a4 h4
57.Kd4  0-1

[Event "Regionalliga SW9899"]
[Site "Bayern"]
[Date "1999.??.??"]
[Round "?"]
[White "Kampen, Hans"]
[Black "Antemia, Paul"]
[Result "0-1"]
[WhiteElo "2020"]
[BlackElo "2085"]

1.e4 c5 2.Nf3 d6 3.Bb5+ Nd7 4.d4 cxd4 5.Qxd4 a6 6.Bc4 Ngf6 7.O-O e6 8.a3 Qc7
9.Nc3 Be7 10.Ba2 O-O 11.Bg5 Re8 12.Rad1 b5 13.Bh4 Bb7 14.Bg3 e5 15.Qe3 Nb6
16.Nd2 Rad8 17.Qe2 Qc6 18.f3 d5 19.exd5 Nbxd5 20.Nxd5 Nxd5 21.Bxd5 Rxd5 22.Nb3 Qc4
23.Qxc4 bxc4 24.Rxd5 Bxd5 25.Nc1 f6 26.Rd1 Be6 27.Be1 Rb8 28.Bc3 Bf5 29.Rd5 Rb5
30.Rxb5 axb5 31.Bb4 Bxb4 32.axb4 Bxc2 33.Na2 Bf5 34.Nc3 Bd7 35.Kf2 Bc6 36.Ke3 Kf7
37.g3 Ke6 38.h3 h5 39.Ne2 g6 40.Nc3 Kf5 41.Ne2 Kg5 42.h4+ Kf5 43.Kf2 g5 44.Ke3 g4
45.fxg4+ Kxg4 46.Kf2 f5 47.Ke3 Bf3 48.Ng1 f4+ 49.gxf4 exf4+ 50.Kf2 Bd1 51.Kg2 Kxh4
52.Nh3 f3+ 53.Kh2 Be2 54.Nf2 Bd3 55.Nh1 Kg5 56.Kg1 Kf4 57.Kf2 h4 58.Ke1 Ke3
59.Nf2 Bf5 60.Nh1 h3 61.Ng3 f2+  0-1

[Event "Regionalliga SW9899"]
[Site "Bayern"]
[Date "1999.??.??"]
[Round "?"]
[White "Kampen, Hans"]
[Black "Kuhnert, Josef"]
[Result "1/2-1/2"]
[WhiteElo "2015"]
[BlackElo "1995"]

1.e4 c5 2.Nf3 d6 3.Bb5+ Bd7 4.Qe2 Nf6 5.O-O g6 6.c3 Bg7 7.d4 cxd4 8.cxd4 O-O
9.Nc3 a6 10.Bxd7 Nfxd7 11.Rd1 Nc6 12.Bf4 Re8 13.e5 Nf8 14.Qe3 Qa5 15.a3 dxe5
16.dxe5 Rad8 17.Re1 Ne6 18.b4 Qc7 19.Bg3 Ncd4 20.Nxd4 Rxd4 21.Rac1 Qb8 22.Red1 Red8
23.Rxd4 Rxd4 24.Ne2 Rd5 25.Nc3 Rd7 26.Rd1 Rxd1+ 27.Nxd1 Qd8 28.Nc3 Qc7 29.h3 Qc4
30.Kh2 h5 31.h4 Nd4 32.Na4 Nf5 33.Qf4 Qc6 34.Nc5 a5 35.e6 Qc8 36.exf7+ Kxf7
37.Qc4+ e6 38.Qd3 axb4 39.axb4 Bf6 40.Ne4 Qd8 41.Qxd8 Bxd8 42.b5 Bb6 43.f3 Ke7
44.Be5 Bd4  1/2-1/2

[Event "Landesliga Nord 9899"]
[Site "Bayern"]
[Date "1999.??.??"]
[Round "?"]
[White "Seibold, Hubert"]
[Black "Jirovsky, Pavel"]
[Result "1/2-1/2"]
[WhiteElo "2220"]
[BlackElo "2380"]

1.e4 c5 2.Nf3 d6 3.Bb5+ Bd7 4.Bxd7+ Qxd7 5.O-O Nc6 6.b3 Nf6 7.Re1 g6 8.Bb2 Bg7
9.c3 O-O 10.d4 cxd4 11.cxd4 d5 12.e5 Ne4 13.Nbd2 Nxd2 14.Qxd2 Rac8 15.Ba3 Rc7
16.Rac1 Rfc8 17.h3 Nd8 18.Rxc7 Rxc7 19.Rc1 Rxc1+ 20.Qxc1 Nc6 21.Qc2 f6 22.exf6 Bxf6
23.Bb2 Qe6 24.a4 Qe4 25.Qd1 Kf7 26.Bc3 Nd8 27.b4 Ne6 28.b5 Nf4 29.Kf1 Ke8
30.Ne1 Ne6 31.Nf3 Kf7 32.Kg1 Nf4 33.Kf1 Ke8 34.Ne1 Ne6 35.Nf3 Kf7 36.Kg1 Nf4
37.Kf1 Ke8  1/2-1/2

[Event "JUG-ch"]
[Site "Belgrade"]
[Date "1999.??.??"]
[Round "6"]
[White "Markovic, Miroslav"]
[Black "Antic, Dejan"]
[Result "0-1"]
[WhiteElo "2587"]
[BlackElo "2479"]

1.e4 c5 2.Nf3 d6 3.Bb5+ Nd7 4.d4 Nf6 5.O-O cxd4 6.Qxd4 a6 7.Bxd7+ Bxd7 8.c4 g6
9.b3 Bg7 10.Bb2 O-O 11.Nc3 Bg4 12.Qe3 Bxf3 13.Qxf3 Nd7 14.Qe2 Rc8 15.Nd5 Bxb2
16.Qxb2 e6 17.Ne3 f5 18.exf5 gxf5 19.Rad1 Rc6 20.Rfe1 Qf6 21.Qe2 Ne5 22.Nc2 f4
23.f3 Rd8 24.Qe4 Rc7 25.Re2 Re7 26.Nb4 Ng6 27.Red2 Red7 28.Re2 Re7 29.Qd4 Qxd4+
30.Rxd4 Kf7 31.Nd3 e5 32.Rd5 Red7 33.Rd2 Ke6 34.Kf2 b6 35.Nb4 Ra8 36.R5d3 Ne7
37.Nd5 Rb8 38.g3 fxg3+ 39.hxg3 b5 40.c5 Nxd5 41.Rxd5 Rbd8 42.cxd6 Rxd6 43.Rxd6+ Rxd6
44.Rc2 Kd5 45.Ke3 Rh6 46.Rd2+ Ke6 47.a4 Rh1 48.axb5 axb5 49.Ra2 Rb1 50.Ke4 Re1+
51.Kd3 Kd5 52.Ra7 Rf1 53.Rf7 Rxf3+  0-1